000 00284nam a22001337a 4500
008 171018b xxu||||| |||| 00| 0 eng d
020 _a9780132145336
041 _aeng
080 _22ND
_a338
100 _a53
101 _aMEN
245 _aIT STRATEGY
_cKEEN,J.D
942 _2udc
_cBK
999 _c34560
_d34560